000 00629nam a22001937a 4500
005 20250312105140.0
008 170809b xxu||||| |||| 00| 0 eng d
020 _a9781138968912
040 _cPK-LaUMT
082 _a658.4083011
_bTIN-E
100 _aTinsley, Stephen
_95027
245 _aEnvironmental management systems :
_bunderstanding organization drivers and barries /
_cStephen Tinsley and Ilona Pillai
260 _aLondon :
_bRoutledge,
_c2006
300 _a176 p.
546 _aEng
650 _aIndustrial management - environmental aspects
_95028
650 _aIndustries-environmental aspects
_95029
942 _cBK
999 _c96772
_d96772